000 00713nam a22002175i 4500
001 161902
003 ES-MaACL
005 20230906212359.0
008 940301s1895 sp |||| | glg d
040 _aCAM
_bspa
100 1 _aPérez Placer, Heraclio.
_9131474
245 1 0 _aContos da terriña /
_cpor Heraclio Pérez Placer.
260 _aLa Coruña :
_bAndrés Martínez,
_c1895 (
_fTipografía de la Casa de Misericordia)
300 _a238 p. ;
_c19 cm.
490 1 _aBiblioteca Gallega ;
_v38
650 4 _aCuentos gallegos.
_9135853
700 1 1 _aMartínez, Andrés,
_eed.
_9129654
830 0 _aBiblioteca Gallega ;
_v38
_9180864
852 _aES-MaACL
_jG-9215
_z-- Enc. hol.
999 _c161902
_d161902